00361nam a2200121Ia 4500008004100000040001700041041001200058082001900070100002600089245005700115260005500172300001200227230917s9999||||xx |||||||||||||| ||und|| e151827aMAIN aEnglish a891.2109 R949A aDwivedi, Rawa Prasada 0aAlamkara sarvasva of sri rajanaka ruyyaka and mankha aVaranasibChowkhambha Sanskrit Series Officec1971 a768p p.